书目信息 |
| 题名: |
流畅英语口语
|
|
| 作者: | 浩瀚 , 韩江红 主编 | |
| 分册: | ||
| 出版信息: | 大连 大连理工大学出版社 2005.10 |
|
| 页数: | 548页 | |
| 开本: | 21cm | |
| 丛书名: | 超凡英语 | |
| 单 册: | ||
| 中图分类: | H319.9 | |
| 科图分类: | ||
| 主题词: | 英语--ying yu--口语 | |
| 电子资源: | ||
| ISBN: | 7-5611-3007-4 | |
| 000 | 00992nam 2200277 450 | |
| 001 | 012006008533 | |
| 005 | 20061018154650.29 | |
| 010 | @a7-5611-3007-4@dCNY34.80 (含光盘) | |
| 100 | @a20061007d2005 km y0chiy0120 ea | |
| 101 | 0 | @achi@aeng |
| 102 | @aCN@b210000 | |
| 105 | @ay z 000yy | |
| 200 | 1 | @a流畅英语口语@Aliu chang ying yu kou yu@e升级版@d= Fluent Spoken English@f浩瀚, 韩江红主编@Fhao han,han jiang hong zhu bian@zeng |
| 210 | @a大连@c大连理工大学出版社@d2005.10 | |
| 215 | @a548页@d21cm@e光盘1片 | |
| 225 | 2 | @a超凡英语@Achao fan ying yu |
| 307 | @a光盘 ISRC : CN-Q08-05-0113-0 | |
| 330 | @a本书主要内容包括日常生活、情感交流、游山玩水、休闲娱乐、网络世界、文秘与求职和商务平台八大部分的内容。 | |
| 410 | 0 | @12001 @a超凡英语 |
| 510 | 1 | @aFluent Spoken English@zeng |
| 606 | 0 | @a英语@Aying yu@x口语 |
| 690 | @aH319.9@v4 | |
| 701 | 0 | @a浩瀚@Ahao han@4主编 |
| 701 | 0 | @a韩江红@Ahan jiang hong@4主编 |
| 801 | 0 | @aCN@bQSSK@c20061018 |
| 905 | @a10447@dH319.9@eH147 | |
| 流畅英语口语:升级版= Fluent Spoken English/浩瀚, 韩江红主编.-大连:大连理工大学出版社,2005.10 |
| 548页;21cm+光盘1片.-(超凡英语) |
| ISBN 7-5611-3007-4:CNY34.80 (含光盘) |
| 本书主要内容包括日常生活、情感交流、游山玩水、休闲娱乐、网络世界、文秘与求职和商务平台八大部分的内容。 |
| ● |
| 相关链接 |
|
|
|
正题名:流畅英语口语
索取号:H319.9/H147
 
预约/预借
| 序号 | 登录号 | 条形码 | 馆藏地/架位号 | 状态 | 备注 |
| 1 | 223119 | 202231192 | 语言库209/209语言库 59排3列5层/ [索取号:H319.9/H147] | 在馆 | |
| 2 | 223120 | 202231209 | 语言库209/209语言库 59排3列5层/ [索取号:H319.9/H147] | 在馆 | |
| 3 | 223121 | 202231218 | 语言库209/209语言库 59排4列3层/ [索取号:H319.9/H147] | 在馆 |